000 00908nam a22001697a 4500
003 OSt
005 20250911141746.0
008 250911b |||||||| |||| 00| 0 eng d
040 _cDCL
082 _a၂၉၄.၃၀၉၂
100 0 _aမြသန်းစံ
245 1 0 _aပါမောက္ခချုပ်ဆရာတော် ဒေါက်တာနန္ဒမာလာဘိဝံသ၏ ဓမ္မခရီးနှင့် ဘဝဆီမီး /
_cရေးသားပူဇော်သူ မြသန်းစံ။
260 _aရန်ကုန် ၊
_bရွှေပြည်နန်းကုမ္ပဏီ၊
_c၂၀၂၀။
300 _a၆၄၉ စာမျက်နှာ ၊
_c၂၆ စင်တီ။
650 _aနန္ဒမာလာဘိဝံသ၊ ဒေါက်တာ-
_xထေရုပ္ပတ္တိ
942 _2ddc
_cLONG TERM
_n0
999 _c2219
_d2219